000 00676nam a2200217 i 4500
001 46156
003 ES-MaACL
005 20240522201523.0
007 t|
008 030328s1977 sp af |||| | spa d
080 _a82-91
100 1 _aComa, Javier.
_939923
245 1 4 _aLos cómics
_b: un arte del siglo XX /
_cJavier Coma.
260 _a[Madrid] :
_bGuadarrama,
_c[1977]
300 _a204 p., 8 lám. ;
_c18 cm.
490 1 _aColección universitaria de bolsillo. Punto Omega
650 0 7 _aCómics-
_xHistoria y crítica
_2
_9148172
830 0 _aColección universitaria de bolsillo. Punto Omega
_9181409
852 _aES-MaACL
_jA-7906
999 _c46156
_d46156